Impiana pahlawan

Bibliographic Details
Main Author: Mohamad Noor
Format: Book
Published: Selangor : Bright Publications , 2009
Series:Siri persahabatan murni ; 3
Subjects:

MARC

LEADER 00000cam a2200000 7i4500
001 0000030262
005 20151222.0
008 110118
020 |a 9833124183 
090 0 0 |a JF   |b MAL 
100 0 |a Mohamad Noor 
245 1 0 |a Impiana pahlawan   |c Mohamad Noor 
260 |a Selangor :   |b Bright Publications ,   |c 2009 
440 |a Siri persahabatan murni ; 3 
500 |a Children ages 10-12 years old (pink) 
650 0 |a Malay fiction 
999 |a 0001064895   |b Book   |c Children Collection   |e Cawangan Bandar Penawar 
999 |a 0001065163   |b Book   |c Brochure/Pamphlet/Poster   |e Cawangan Taman Universiti 
999 |a 0001065705   |b Book   |c Children Collection   |e Cawangan Segamat 
999 |a 0001065915   |b Book   |c Children Collection   |e Cawangan Bukit Gambir 
999 |a 0001066133   |b Book   |c Children Collection   |e Cawangan Bandar Tenggara 
999 |a 0001066273   |b Book   |c Children Collection   |e Cawangan Tangkak 
999 |a 0001066471   |b Book   |c Children Collection   |e Cawangan Mersing 
999 |a 0001066757   |b Book   |c Children Collection   |e Cawangan Mersing 
999 |a 0001066911   |b Book   |c Children Collection   |e Perbadanan Perpustakaan Awam Johor 
999 |a 0001141121   |b Book   |c Children Collection   |e Perbadanan Perpustakaan Awam Johor 
999 |a 0001141122   |b Book   |c Children Collection   |e Perbadanan Perpustakaan Awam Johor 
999 |a 0001141123   |b Book   |c Children Collection   |e Perbadanan Perpustakaan Awam Johor